000 00655nam a22002177a 4500
003 UA-OsUOA
001 101718
007 ta
008 20130711b un ||||| |||| 00| 0 ukr d
090 _a323 (477)
_bС 89
942 _cBK
040 _aUA-OsUOA
_bukr
_cUA-OsUOA
_dUA-OsUOA
245 _aСучасна українська політика: Політики і політологи про неї
_cредкол.: Михальченко М., Андрущенко В., Рудич Ф.
300 _a318 с.
955 _a2
041 _aukr
080 _a323 (477)
260 _aК.
_c2000
650 7 _a32 Політика
_2UDC
999 _c388003
_d388003